Ciencia y tecnología en el proceso de desarrollo (Registro nro. 28744)

Detalles MARC
000 -LEADER
fixed length control field 00336 a2200109 4500
001 - CONTROL NUMBER
control field ART_23941
005 - DATE AND TIME OF LATEST TRANSACTION
control field 20260410161933.0
008 - FIXED-LENGTH DATA ELEMENTS--GENERAL INFORMATION
fixed length control field 260409a
100 1# - MAIN ENTRY--PERSONAL NAME
Personal name Langoni, Carlos Geraldo
245 10 - TITLE STATEMENT
Title Ciencia y tecnología en el proceso de desarrollo
773 0# - HOST ITEM ENTRY
Title Informe
Related parts - Año VII, Nº 44 (abr./mayo 1975)
Record control number REV23765

No hay ítems disponibles.